Najpopularniejsi raperzy w tym tygodniu . 27.11-03.12 - Statystyki

Ogólne statystyki
  • Ten quiz został rozwiązany 25 razy
  • Średni wynik to 7 z 15
Statystyki odpowiedzi
Wyświetlenia Raper % Poprawnych
3.88M Bedoes
75%
2.86M Mata
67%
6.38M Paluch
63%
8.66M Guzior
58%
4.50M Szpaku
58%
4.49M Kabe
50%
4.03M Kali
50%
3.04M Kizo
50%
2.47M Taco Hemingway
50%
3.01M Żabson
46%
3.59M Sobel
42%
3.84M Kubańczyk
33%
2.58M Słoń
33%
4.00M Major SPZ
29%
4.25M Tymek
29%
Nie znaleziono quizów pasujących do podanych kryteriów
Rozkład punktacji
Procent ludzi z każdym wynikiem
Percentyl według liczby udzielonych odpowiedzi
Twoja historia wyników
Nie rozwiązałeś tego quizu